000 00657nam a2200217Ia 4500
003 GCL
008 140319s9999 xx 000 0 ara d
040 _aGCL /
_cGCL
082 0 4 _a790.06
_bم ل
100 1 _aمدكور ثابت
245 1 0 _aالكرالنسى فى الايهام السينمائى /
_cمدكور ثابت
260 _a[S.N] :
_bالهيئة المصرية العامة للكتاب ،
_c1994
300 _a103 ص
490 _a
650 0 4 _aنقد
650 0 4 _aالافلام السينمائية
650 0 4 _aالسينما
650 0 4 _aالفن والسينما
650 0 4 _aالسينمائيون
942 _2ddc
_cBK
999 _c29885
_d29885